| 000 | 00689nam a2200217 i 4500 | ||
|---|---|---|---|
| 001 | 74136 | ||
| 003 | ES-MaACL | ||
| 007 | t| | ||
| 008 | 040915s1970 sp ||||1| spa d | ||
| 100 | 1 |
_aGonzález Alcalde, Eduardo. _958401 |
|
| 245 | 1 | 0 |
_aInquietudes cristianas _b: reflexiones pastorales para el tiempo presente / _cpor Eduardo González Alcalde. |
| 260 |
_aSantander : _bSal Terrae, _c[1970] |
||
| 300 |
_a197 p. ; _c21 cm. |
||
| 490 | 1 |
_aCristo hoy ; _v9 |
|
| 830 | 0 |
_aCristo hoy ; _v9 _9176472 |
|
| 852 |
_aES-MaACL _jE-4989 _bR.73456 |
||
| 903 | _aGonzález-Alcalde, Eduardo | ||
| 942 |
_2udc _cMONOGRAFIA |
||
| 999 |
_c74136 _d74136 |
||